Estatísticas para Cultura Geral

Clique aqui para jogar o quiz

Estatísticas Gerais

  • Esse quiz foi jogado 13 vezes
  • A pontuação média é 8 de 15

Estatísticas das Respostas

HintResposta% Correto
Qual é o continente mais populoso do mundo?Ásia
100%
Quem foi um marido da Angelina Jolie?Brad Pitt
83%
Qual é o único mamífero que vooa?Morcego
83%
Quando foi lançado o primeiro filme do Harry Potter?2001
75%
Como se chama os animais que nascem de um ovo?Ovíparos
75%
Qual é o maior órgão do corpo Humano?Pele
67%
Em que ano começaram os Jonas Brothers?2005
58%
Quem canta a música Say So?Doja Cat
58%
Em qual filme da Disney os Jonas Brothers fazem participam?Camp Rock
42%
Qual é a cidade mais populosa da Pensilvânia?Filadélfia
33%
Que nome damos ao local onde ocorrem apresentações teatrais sobre astronomia, e que simula o céu, sobretudo noturno, de acordo com a data e local de observação?Planetário
33%
Que nome damos ao processo de conversão de indivíduos ao cristianismo?Cristianização
25%
Que nome damos á reunião de doutrinas diferentes, com a manutenção de traços perceptíveis das doutrinas originais?Sincretismo
25%
Com qual atriz famosa Joe Jonas é casado?Sophie Turner
25%
Em que estado dos EUA podemos encontrar o Rio Schuylkill?Pensilvânia
17%

Distribuição das Pontuações

Percentil de Números Respondidos

Porcentagem de Pessoas com Cada Pontuação

Sua Pontuação Histórica

Você não jogou esse quiz